Sports Quiz

Random Sports or Clickable Quiz

2014 Commonwealth Games Sports Quiz Stats

 Plays Quiz not verified by Sporcle

Challenge
Share
Tweet
Embed
Score 0/22 Timer 06:00
0 Plays Today
% Correct
Athletics
97.1%
Cycling: Track
96%
Swimming
94.5%
Badminton
94.2%
Boxing
93.1%
Cycling: Road
92.5%
Diving
91.3%
Gymnastics: Artistic
91.3%
Gymnastics: Rhythmic
89%
Lawn Bowls
88.4%
Rugby Sevens
86.7%
% Correct
Hockey
86.1%
Table Tennis
83.2%
Netball
80.9%
Judo
80.3%
Weightlifting
80.3%
Shooting
78.6%
Squash
78%
Triathlon
77.5%
Cycling: Mountain Bike
70.5%
Wrestling
60.7%
Powerlifting
48.6%

You're not logged in!

Compare scores with friends on all Sporcle quizzes.
Join for Free
OR
Log In

You Might Also Like...

Show Comments

Extras

Top Quizzes Today


Score Distribution

Your Account Isn't Verified!

In order to create a playlist on Sporcle, you need to verify the email address you used during registration. Go to your Sporcle Settings to finish the process.

Report this User

Report this user for behavior that violates our Community Guidelines.

Details: